| 000 | 00354 a2200145 4500 | ||
|---|---|---|---|
| 999 |
_c12112 _d12112 |
||
| 003 | OSt | ||
| 005 | 20231223160750.0 | ||
| 008 | 231223b ||||| |||| 00| 0 eng d | ||
| 020 | _a9780500291719 | ||
| 082 |
_a709.176 _bBAR |
||
| 100 |
_aBarkman, Adam, _d1979- |
||
| 245 | _aMaking Sense Of Islamic Art And Architecture | ||
| 260 | _bT & H | ||
| 942 | _2ddc | ||